[Event "Titled Tuesday intern op 19th Apr Late"]
[Site "Chess.com INT"]
[Date "2022.04.19"]
[Round "3"]
[White "Yedidia, Daniel"]
[Black "Zong, Davis Jr"]
[Result "1-0"]
[WhiteElo "2001"]
[BlackElo "2141"]
[PlyCount "71"]
[EventDate "2022.04.19"]
[EventType "swiss (blitz)"]
[EventRounds "11"]
[EventCountry "USA"]
[SourceTitle "EXT 2023"]
[Source "ChessBase"]
[SourceDate "2022.10.05"]
[SourceVersion "1"]
[SourceVersionDate "2022.10.05"]
[SourceQuality "1"]

1. d4 d5 2. c4 c6 3. Nf3 Nf6 4. Nc3 e6 5. e3 Nbd7 6. Bd3 dxc4 7. Bxc4 b5 8. Be2 Bb7 9. b3 a6 10. Bb2 c5 11. 0-0 Be7 12. Rc1 0-0 13. Qd2 Ne4 14. Nxe4 Bxe4 15. dxc5 Nxc5 16. Rxc5 Bxf3 17. Rc2 Qxd2 18. Rxd2 Bxe2 19. Rxe2 Rfd8 20. h3 f5 21. Rc1 Rac8 22. Rec2 Rd1+ 23. Kh2 Rxc1 24. Rxc1 Rxc1 25. Bxc1 Kf7 26. Kg3 Bf6 27. Kf3 h5 28. Ba3 g6 29. e4 Ke8 30. Bc5 Kd7 31. g4 hxg4+ 32. hxg4 Kc6 33. Be3 a5 34. exf5 gxf5 35. gxf5 exf5 36. Kf4 1-0